Tony Best Musical By Last Letter Quiz Stats

 Plays Quiz Updated Aug 5, 2019

Score 0/18 Timer 05:00
0 Plays Today
Last Letter Best Musical Winner % Correct
SCats, Damn Yankees!...
90.2%
NHamilton, The Book of Mormon...
82.5%
TCabaret, Spamalot...
77.9%
QAvenue Q
75.7%
AEvita, Man of La Mancha...
75.2%
ENine, Bye Bye Birdie...
58.9%
CSouth Pacific, Titanic...
57.3%
YHairspray, My Fair Lady...
57%
GThe Lion King, Spring Awakening...
56.2%
Last Letter Best Musical Winner % Correct
FFiddler on the Roof
31.5%
IThe King and I
27.1%
ZThe Wiz
25.2%
DSweeney Todd, Redhead...
23.3%
#1776
16.2%
MA Funny Thing Happened on the Way to the Forum
12.6%
RBig River, A Gentleman's Guide to Love and Murder
10.8%
OFiorello!
10%
UCrazy for You
7.7%

You're not logged in!

Compare scores with friends on all Sporcle quizzes.
OR
Log In

Sporcle TV

Today on Sporcle TV


Watch our educational content, quiz creation guides, and fun videos on Sporcle TV.

Show Comments

Extras

Top Quizzes Today


Score Distribution

Your Account Isn't Verified!

In order to create a playlist on Sporcle, you need to verify the email address you used during registration. Go to your Sporcle Settings to finish the process.

Report this User

Report this user for behavior that violates our Community Guidelines.

Details: